000 00445nam a2200169Ia 4500
008 090201s9999 xx 000 0 und d
010 _aKPL-25203
040 _bइंग्रजी
041 _aइंग्रजी
082 _a46203
_b25203
100 _agraham green
245 _athe human factor
_cgraham green
260 _c2005
_bthe bodley head
300 _a339
_bमोठा
600 _athe human factor
942 _cBOOK
999 _c243046
_d243046